|
|
|
|
| LEADER |
00000cam a22000004a 4500 |
| 001 |
musev2_70686 |
| 003 |
MdBmJHUP |
| 005 |
20230905051304.0 |
| 006 |
m o d |
| 007 |
cr||||||||nn|n |
| 008 |
120212s2003 ncu o 00 0 eng d |
| 020 |
|
|
|a 9780822384793
|
| 020 |
|
|
|z 9780822331315
|
| 035 |
|
|
|a (OCoLC)776088068
|
| 040 |
|
|
|a MdBmJHUP
|c MdBmJHUP
|
| 245 |
0 |
0 |
|a New Day Begun :
|b African American Churches and Civic Culture in Post-Civil Rights America /
|c edited by R. Drew Smith.
|
| 264 |
|
1 |
|a Durham :
|b Duke University Press,
|c 2003.
|
| 264 |
|
3 |
|a Baltimore, Md. :
|b Project MUSE,
|c 2020
|
| 264 |
|
4 |
|c ©2003.
|
| 300 |
|
|
|a 1 online resource (322 pages):
|b illustrations, map
|
| 336 |
|
|
|a text
|b txt
|2 rdacontent
|
| 337 |
|
|
|a computer
|b c
|2 rdamedia
|
| 338 |
|
|
|a online resource
|b cr
|2 rdacarrier
|
| 490 |
0 |
|
|a The public influences of African American churches ;
|v v. 1
|
| 505 |
0 |
|
|a v. 1. New day begun.
|
| 505 |
0 |
0 |
|t Introduction : black churches within a changing civic culture in America /
|r R. Drew Smith --
|t Revisiting the "all-comprehending institution" : historical reflections on the public roles of blck churches /
|r Lewis Baldwin --
|t What a fellowship : civil society, African American churches, and public life /
|r Allison Calhoun-Brown --
|t System confidence, congregational characteristics, and black church civic engagement /
|r R. Drew Smith, Corwin Smidt --
|t "To form a more perfect union" : African Americans and American civil religion /
|r David Howard-Pitney.
|
| 505 |
0 |
0 |
|t Recognition, respectability, and loyalty : black churches and the quest for civility /
|r Walter Earl Fluker --
|t No respect of persons? Religion, churches, and gender issues in the African American community /
|r Allison Calhoun-Brown --
|t "Doing all the good we can" : the political witness of African American holiness and Pentecostal churches in the post-civil rights era /
|r David D. Daniels --
|t Blyden's ghost : African American christianity and racial republicanism /
|r C.R.D. Halisi --
|t Doing something in Jesus' name : black churches and community development corporations /
|r Michael Leo Owens.
|
| 505 |
0 |
0 |
|t Faith-based initiatives and the Constitution : black churches, government, and social services delivery /
|r David Ryden --
|t On seducing the Samaritan : the problematic of government aid to faith-based groups /
|r Samuel K. Roberts.
|
| 520 |
|
|
|a This collection discusses African American churches' involvement in post-civil rights era political culture, with regard to faith-based services, black nationalism, evangelism, and community development.
|
| 546 |
|
|
|a English.
|
| 588 |
|
|
|a Description based on print version record.
|
| 650 |
|
7 |
|a Christianisme et politique
|z États-Unis
|y 1945- ...
|2 ram
|
| 650 |
|
7 |
|a Églises noires americaines.
|2 ram
|
| 650 |
|
7 |
|a Noirs americains
|x Religion.
|2 ram
|
| 650 |
|
7 |
|a Kultur
|2 gnd
|
| 650 |
|
7 |
|a Religion
|2 gnd
|
| 650 |
|
7 |
|a Christianity and politics.
|2 fast
|0 (OCoLC)fst00859736
|
| 650 |
|
7 |
|a African American churches.
|2 fast
|0 (OCoLC)fst00799090
|
| 650 |
|
7 |
|a SOCIAL SCIENCE
|x Ethnic Studies
|x African American Studies.
|2 bisacsh
|
| 650 |
|
7 |
|a RELIGION
|x Christianity
|x History.
|2 bisacsh
|
| 650 |
|
6 |
|a Christianisme et politique
|z États-Unis
|x Histoire
|y 20e siecle.
|
| 650 |
|
6 |
|a Églises noires americaines
|x Histoire
|y 20e siecle.
|
| 650 |
|
0 |
|a Christianity and politics
|z United States
|x History
|y 20th century.
|
| 650 |
|
0 |
|a African American churches
|x History
|y 20th century.
|
| 651 |
|
7 |
|a Schwarze.
|2 swd
|
| 651 |
|
7 |
|a USA.
|2 swd
|
| 651 |
|
7 |
|a United States.
|2 fast
|0 (OCoLC)fst01204155
|
| 655 |
|
7 |
|a History.
|2 fast
|0 (OCoLC)fst01411628
|
| 655 |
|
7 |
|a Electronic books.
|2 local
|
| 700 |
1 |
|
|a Smith, R. Drew,
|d 1956-
|
| 710 |
2 |
|
|a Project Muse.
|e distributor
|
| 830 |
|
0 |
|a Book collections on Project MUSE.
|
| 856 |
4 |
0 |
|z Texto completo
|u https://projectmuse.uam.elogim.com/book/70686/
|
| 945 |
|
|
|a Project MUSE - Custom Collection
|